Paul: (Record no. 5197)

000 -LEADER
fixed length control field 00667nam a2200193 a 4500
001 - CONTROL NUMBER
control field :::00002938$&:&@@
003 - CONTROL NUMBER IDENTIFIER
control field OkBaRHE
005 - DATE AND TIME OF LATEST TRANSACTION
control field 20110415115630.0
008 - FIXED-LENGTH DATA ELEMENTS--GENERAL INFORMATION
fixed length control field s1976 j 000 0 eng u
040 ## - CATALOGING SOURCE
Transcribing agency
100 1# - MAIN ENTRY--PERSONAL NAME
Personal name Dyet, James T.
245 10 - TITLE STATEMENT
Title Paul:
Remainder of title man of steel and velvet.
260 ## - PUBLICATION, DISTRIBUTION, ETC. (IMPRINT)
Place of publication, distribution, etc Denver, CO., :
Name of publisher, distributor, etc Accent Books
Date of publication, distribution, etc c1976
300 ## - PHYSICAL DESCRIPTION
Extent 127 p. ;
Dimensions 18 cm.
650 ## - SUBJECT ADDED ENTRY--TOPICAL TERM
Topical term or geographic name as entry element Paul, Saint, apostle
942 ## - ADDED ENTRY ELEMENTS (KOHA)
Source of classification or shelving scheme
Koha item type Books
Copies
Damaged status Barcode Koha item type Lost status Date last seen Permanent Location Not for loan Shelving location Current Location Withdrawn status Price effective from Copy number Source of classification or shelving scheme Date acquired Full call number
 2938BooksMissing2018-03-08RHEMA Bible Training College General StacksRHEMA Bible Training College 2010-04-141 2010-04-14BS 2506 .D875
 15547BooksMissing2018-03-08RHEMA Bible Training College General StacksRHEMA Bible Training College 2010-04-142 2010-04-14BS 2506 .D875